00323 a2200121 4500020001800000082001200018100002900030245004300059260002200102300001100124650004100135700002500176 a9780099284963 a823.912 a Maugham, W. Somerset aOf human bondagecW. Somerset Maugham aUKbVintagec1915 a700 p. aPeople with disabilities--Physicians aW. Somerset Maugham